000 00685cam a22002172 4500
001 0000003452
005 20151217151925.0
008 070507s xx 000 0 eng d
020 _a0865971437 :
040 _aKABU
_cKABU
050 0 _aKF4558
_b.14th.B47 1997
100 1 _aBerger, Raoul.
_@0000153393
245 1 0 _aGovernment by judiciary amenment. :
_bthe transformation of the fourteenth.
250 _a2nd ed.
260 _aIndianapolis :
_bLiberty Fund,
_c1997.
300 _axxiv, 555 p.
651 0 _aUnited States
_xConstitutional law
_xAmendements
_y14th.
_@0000153394
908 _a070507
950 _@1
999 _c6413
_d6413